00402nam a2200169Ia 4500008004000000041000800040082001100048100001800059245004600077260004600123650001300169650001100182650000700193650001400200650001200214650000600226210210b1918 xxu||||| |||| 00| 0 eng d aeng a513/56 aFORSYTH (A R) aTheory of functions of a complex variable aLondonbCambridge University Pressc1918 avariable aTheory aof afunctions acomplex aa